[Event "BRA Amateur-ch U1400"]
[Site "Sao Paulo"]
[Date "2022.11.05"]
[Round "5"]
[White "Nascimento, Bianca Alencar de S"]
[Black "Florenzano, Marco Antonio"]
[Result "0-1"]
[WhiteElo "1380"]
[BlackElo "1800"]
[PlyCount "76"]
[EventDate "2022.11.03"]
[EventType "swiss"]
[EventRounds "7"]
[EventCountry "BRA"]
[SourceTitle "CBM 211 Extra"]
[Source "ChessBase"]
[SourceDate "2023.01.31"]
[SourceVersion "1"]
[SourceVersionDate "2023.01.31"]
[SourceQuality "1"]

1. e4 d6 2. d4 g6 3. Bc4 Nf6 4. Nc3 Bg7 5. Be3 0-0 6. Qd2 a6 7. f3 e5 8. Nge2 Nc6 9. g4 exd4 10. Nxd4 Nxd4 11. Bxd4 b5 12. Be2 c5 13. Be3 b4 14. Nd1 Bb7 15. Bh6 Nxe4 16. fxe4 Qh4+ 17. Nf2 Bxh6 18. Qd3 Rfe8 19. 0-0 Bf4 20. h3 d5 21. Nh1 c4 22. Qf3 g5 23. exd5 Re3 24. Qg2 Rxe2 25. Qxe2 Bxd5 26. Rad1 Bxh1 27. Kxh1 Qxh3+ 28. Kg1 Be3+ 29. Rf2 Qg3+ 30. Kf1 Qh3+ 31. Kg1 Qg3+ 32. Kf1 Re8 33. Rg2 Qh3 34. Ke1 Qh4+ 35. Rf2 Bxf2+ 36. Kf1 Rxe2 37. Kxe2 Qxg4+ 38. Kd2 Be3+ 0-1

[Event "BRA Amateur-ch U1400"]
[Site "Sao Paulo"]
[Date "2022.11.04"]
[Round "3"]
[White "Dos Santos, Luciana Maria"]
[Black "Florenzano, Marco Antonio"]
[Result "0-1"]
[WhiteElo "1800"]
[BlackElo "1800"]
[PlyCount "102"]
[EventDate "2022.11.03"]
[EventType "swiss"]
[EventRounds "7"]
[EventCountry "BRA"]
[SourceTitle "CBM 211 Extra"]
[Source "ChessBase"]
[SourceDate "2023.01.31"]
[SourceVersion "1"]
[SourceVersionDate "2023.01.31"]
[SourceQuality "1"]

1. e4 c6 2. Nf3 d5 3. exd5 cxd5 4. d4 Nf6 5. Be2 g6 6. 0-0 Bg7 7. c4 0-0 8. Bg5 Ne4 9. Bh4 Nc6 10. Nc3 Nxc3 11. bxc3 Be6 12. cxd5 Bxd5 13. a4 Na5 14. Nd2 Rc8 15. Rc1 Qd7 16. Bb5 Bc6 17. Rb1 b6 18. Re1 Rfe8 19. Re2 Bxb5 20. axb5 Rxc3 21. Nf3 Bf6 22. Bxf6 exf6 23. Rxe8+ Qxe8 24. Qd2 Rc7 25. h4 Qe4 26. d5 Qxb1+ 27. Kh2 Qc1 28. Qd4 Qc3 29. Qe4 Kg7 30. h5 Rd7 31. Qf4 Qc7 32. h6+ Kf8 33. Qxc7 Rxc7 34. Ne1 Rd7 35. Nc2 Rxd5 36. Ne3 Rh5+ 37. Kg3 Rxh6 38. Ng4 Rh1 39. Nxf6 Rb1 40. Nxh7+ Ke7 41. Ng5 Rxb5 42. Ne4 Rb3+ 43. Kf4 Rb4 44. f3 Rxe4+ 45. Kxe4 Nb7 46. g4 a5 47. Kd4 b5 48. Kc3 b4+ 49. Kb3 Nc5+ 50. Kb2 a4 51. Ka2 Ke6 0-1